Jukebox all'idrogeno /

Saved in:
Bibliografiske detaljer
Hovedforfatter: Ginsberg, Allen (Author)
Andre forfattere: Pivano, Fernanda
Format: Bog
Sprog:italiensk
engelsk
Udgivet: Milano : Mondadori, 1965
Serier:Nuovi scrittori stranieri ; 9
Tags: Tilføj Tag
Ingen Tags, Vær først til at tagge denne postø!

MARC

LEADER 00000nam a22000007i 4500
001 IT\ICCU\RAV\0107413
003 ItRI
005 20260115232231.0
008 900803s1965 it |||||| ||||| |||||c
015 |2 IT  |a 65-11995 
040 |b ita  |c importazione bologna sebina 
041 7 |a ita  |a eng  |2 ISO-639-2 
082 |a 811.5  |9 POESIA AMERICANA. SEC. 20.  |2 16 
100 1 |a Ginsberg, Allen  |0 IT\ICCU\RAVV\027487  |4 aut 
240 1 0 |a Howl and other poems. -  |3 IT\ICCU\RAV\0107414  |9 Ginsberg, Allen 
240 1 0 |a Kaddish and other poems. -  |3 IT\ICCU\RAV\0107415  |9 Ginsberg, Allen 
245 1 0 |a Jukebox all'idrogeno /  |c Allen Ginsberg ; a cura di Fernanda Pivano. 
260 |a Milano :  |b Mondadori,  |c 1965 
300 |a 477 p. ;  |c 20 cm 
500 |a Testo orig. a fronte 
700 1 |a Pivano, Fernanda  |0 IT\ICCU\CFIV\037838 
830 0 |a Nuovi scrittori stranieri ;  |v 9  |0 IT\ICCU\RAV\0076619 
942 |2 ddc  |c BK  |n 0 
952 |0 0  |1 0  |4 0  |6 DOC_811_540000000000000_GIN  |7 0  |9 22545  |a BO  |b BO  |d 2026-01-15  |i 1475  |l 0  |o DOC 811.54 GIN  |p BO1475  |r 2026-01-15 23:22:31  |w 2026-01-15  |x [Sebina 5] [1 v.]  |y BK  |z 1 v. 
999 |c 19252  |d 19252